Leadership Conversations (Record no. 332415)

MARC details
000 -LEADER
fixed length control field 00534nam a2200169Ia 4500
008 - FIXED-LENGTH DATA ELEMENTS--GENERAL INFORMATION
fixed length control field 230718s9999 xx 000 0 und d
020 ## - INTERNATIONAL STANDARD BOOK NUMBER
International Standard Book Number 9788126541416
041 ## - LANGUAGE CODE
Language code of text/sound track or separate title eng
082 ## - DEWEY DECIMAL CLASSIFICATION NUMBER
Classification number 658.4'092
Item number BER
100 ## - MAIN ENTRY--PERSONAL NAME
Personal name Berson A.S.
9 (RLIN) 194574
245 ## - TITLE STATEMENT
Title Leadership Conversations
Remainder of title Challenging High - Potential Managers To Become Great Leaders
260 ## - PUBLICATION, DISTRIBUTION, ETC. (IMPRINT)
Date of publication, distribution, etc. 2013
Name of publisher, distributor, etc. Jossey - Bass
300 ## - PHYSICAL DESCRIPTION
Extent 301
365 ## - TRADE PRICE
Currency code Rs.
Price amount 549.00
700 ## - ADDED ENTRY--PERSONAL NAME
Personal name Berson A.S. & Stieglitz R.G.
9 (RLIN) 194575
906 ## - LOCAL DATA ELEMENT F, LDF (RLIN)
d O:0338706-Jul-2013B:317730-Apr-2013
c COMP
b 120.78
Holdings
Withdrawn status Lost status Damaged status Not for loan Home library Current library Date acquired Vendor Budget Code Cost, normal purchase price Bill number Total Checkouts Full call number Barcode Date last seen Discount Cost, replacement price Bill Date Koha item type Original Barcode
        Cummins College of Engineering for Women Pune Cummins College of Engineering for Women Pune 06/07/2013 Technical Book Services COMP 428.22 3177   658.4'092 CCEP-BK-43622 18/07/2023 120.78 549.00 30/04/2013 Books 043622